[Event "1 tur"]
[Site "?"]
[Date "2002.??.??"]
[Round "?"]
[White "Kichubaev"]
[Black "Andreikin"]
[Result "1/2-1/2"]
[WhiteElo "2350"]
[BlackElo "2385"]
[PlyCount "49"]
[EventDate "2002.??.??"]

1. d4 Nf6 2. c4 c5 3. d5 e6 4. Nc3 exd5 5. cxd5 d6 6. e4 g6 7. h3 Bg7 8. Bd3
O-O 9. Nf3 b5 10. Bxb5 Nxe4 11. Nxe4 Qa5+ 12. Nfd2 Qxb5 13. Nxd6 Qa6 14. N2c4
Rd8 15. Bf4 g5 16. Bh2 Rxd6 17. Nxd6 Bxb2 18. Qd2 Bxa1 19. Qxg5+ Kf8 20. Qd8+
Kg7 21. Be5+ Bxe5 22. Qg5+ Kf8 23. Qd8+ Kg7 24. Qg5+ Kf8 25. Qd8+ {
time: 0.50 - 0.30} 1/2-1/2

[Event "1 tur"]
[Site "?"]
[Date "2002.??.??"]
[Round "?"]
[White "Mikhailovsky"]
[Black "Zhidkov"]
[Result "1/2-1/2"]
[WhiteElo "2390"]
[BlackElo "2395"]
[PlyCount "32"]
[EventDate "2002.??.??"]

1. c4 c6 2. Nf3 Nf6 3. d4 d5 4. cxd5 cxd5 5. Nc3 Nc6 6. Bg5 e6 7. e3 Be7 8. Bd3
O-O 9. O-O h6 10. Bh4 Bd7 11. Rc1 Rc8 12. Bb1 Ne4 13. Bxe7 Nxc3 14. Bxd8 Nxd1
15. Rfxd1 Rfxd8 16. Kf1 Kf8 {time: 0.15 - 0.15} 1/2-1/2

[Event "1 tur"]
[Site "?"]
[Date "2002.??.??"]
[Round "?"]
[White "Mikheev"]
[Black "Akhmadeev"]
[Result "0-1"]
[WhiteElo "2345"]
[BlackElo "2430"]
[PlyCount "74"]
[EventDate "2002.??.??"]

1. e4 c5 2. Nf3 d6 3. Bb5+ Nd7 4. d4 Ngf6 5. Nc3 cxd4 6. Qxd4 e6 7. Bg5 Be7 8.
O-O-O O-O 9. Rhe1 a6 10. Bxd7 Bxd7 11. e5 dxe5 12. Nxe5 Bc6 13. Qh4 Nd5 14.
Bxe7 Qxe7 15. Qxe7 Nxe7 16. Nxc6 Nxc6 17. Rd7 Rab8 18. Na4 b5 19. Nc5 a5 20.
Nb7 a4 21. a3 g5 22. Nd6 h6 23. Re4 Rb6 24. Rc7 Na5 25. Rd4 Nc6 26. Rd1 Ne5 27.
Rc5 Ng4 28. Rxb5 Rxb5 29. Nxb5 Nxf2 30. Rd4 e5 31. Rxa4 f5 32. Ra6 Kg7 33. a4
f4 34. Re6 e4 35. a5 f3 36. gxf3 exf3 37. Nd4 Nd3+ {time: 1.55 - 1.50} 0-1

[Event "1 tur"]
[Site "?"]
[Date "2002.??.??"]
[Round "?"]
[White "Mozalev"]
[Black "Kamiljianov"]
[Result "1/2-1/2"]
[WhiteElo "2410"]
[BlackElo "2305"]
[PlyCount "95"]
[EventDate "2002.??.??"]

1. e4 c5 2. Nf3 d6 3. d4 cxd4 4. Nxd4 Nf6 5. Nc3 Nc6 6. Bg5 e6 7. Qd2 a6 8.
O-O-O h6 9. Be3 Nxd4 10. Bxd4 b5 11. f3 Qa5 12. Bxf6 gxf6 13. Kb1 Bb7 14. Bd3
O-O-O 15. Qf2 Kb8 16. Rhe1 Be7 17. Ne2 Qc7 18. Nc1 Qc5 19. Qe2 h5 20. Nb3 Qb6
21. f4 h4 22. f5 Rdg8 23. Nd2 Bd8 24. Nf3 Qc5 25. Qd2 exf5 26. exf5 h3 27. Be4
Bxe4 28. Rxe4 hxg2 29. b4 Qc6 30. Qxd6+ Qxd6 31. Rxd6 g1=Q+ 32. Nxg1 Rxg1+ 33.
Kb2 Rg2 34. h4 Rgg8 35. Rxa6 Re8 36. Rxe8 Rxe8 37. a4 bxa4 38. Rxa4 Re4 39. h5
Rh4 40. Ra5 Rxh5 41. Rd5 Bc7 42. Rd7 Be5+ 43. Kb3 Rh7 44. c4 Kc8 45. Ra7 Rh5
46. Rxf7 Rxf5 47. c5 Rf4 48. b5 {time: 2.20 - 2.15} 1/2-1/2

[Event "2 tur"]
[Site "?"]
[Date "2002.??.??"]
[Round "?"]
[White "Andreikin"]
[Black "Kamilijanov"]
[Result "1-0"]
[WhiteElo "2385"]
[BlackElo "2305"]
[PlyCount "49"]
[EventDate "2002.??.??"]

1. e4 c5 2. Nf3 d6 3. d4 cxd4 4. Nxd4 Nf6 5. Nc3 Nc6 6. Bc4 e6 7. O-O Be7 8. a4
O-O 9. Kh1 a6 10. Ba2 Bd7 11. f4 Rc8 12. f5 Nxd4 13. Qxd4 exf5 14. exf5 Rc5 15.
b4 Rxf5 16. Bb2 Rg5 17. Rae1 Bc6 18. Re2 b5 19. Qa7 Nd7 20. Qxa6 Ba8 21. Nxb5
Ne5 22. Nd4 Qd7 23. Ne6 Rh5 24. Bxe5 dxe5 25. Nxf8 {time: 1.05 - 1.40} 1-0

[Event "2 tur"]
[Site "?"]
[Date "2002.??.??"]
[Round "?"]
[White "Akhmadeev"]
[Black "Mozalev"]
[Result "1-0"]
[WhiteElo "2430"]
[BlackElo "2410"]
[PlyCount "73"]
[EventDate "2002.??.??"]

1. e4 e5 2. Nf3 Nc6 3. Bb5 a6 4. Ba4 Nf6 5. O-O b5 6. Bb3 Bc5 7. d3 d6 8. a4
Rb8 9. axb5 axb5 10. Be3 Bxe3 11. fxe3 Be6 12. Nbd2 O-O 13. Bxe6 fxe6 14. c3
Qd7 15. Qe2 Ne7 16. Ra6 Ra8 17. Rfa1 Rxa6 18. Rxa6 Ng6 19. b4 h6 20. h3 Rb8 21.
Qe1 Qc8 22. Qa1 Kh7 23. Ra7 Ne8 24. Nb3 Ne7 25. Qa6 Qd7 26. Qa1 Nc6 27. Ra6 Ne7
28. d4 exd4 29. exd4 Nf6 30. Nbd2 Nc6 31. Qd1 e5 32. d5 Ne7 33. Nh4 Rf8 34. Qe2
Ne8 35. Ra5 c6 36. Qd3 cxd5 37. exd5+ {time: 1.57 - 1.59} 1-0

[Event "2 tur"]
[Site "?"]
[Date "2002.??.??"]
[Round "?"]
[White "Ashiev"]
[Black "Mikheev"]
[Result "0-1"]
[WhiteElo "2305"]
[BlackElo "2345"]
[PlyCount "122"]
[EventDate "2002.??.??"]

1. d4 Nf6 2. Nf3 g6 3. c4 Bg7 4. Nc3 d5 5. cxd5 Nxd5 6. Bd2 O-O 7. Rc1 Nc6 8.
e3 e5 9. Nxd5 Qxd5 10. Bc4 Qd6 11. d5 Ne7 12. e4 c6 13. dxc6 Nxc6 14. O-O Bg4
15. Be3 Nd4 16. Bxd4 exd4 17. h3 Be6 18. Ne1 Rac8 19. b3 Bxc4 20. bxc4 Rfe8 21.
f3 Bh6 22. Rc2 Be3+ 23. Kh1 Qa6 24. Qd3 Rc5 25. Qb3 Rec8 26. Nd3 Rxc4 27. Rxc4
Rxc4 28. Ne5 Rc7 29. Rd1 Qe6 30. Qd5 Qxd5 31. exd5 Kf8 32. Ng4 Rc2 33. d6 Ke8
34. Nf6+ Kd8 35. Rb1 Rc1+ 36. Rxc1 Bxc1 37. Kg1 h5 38. Kf2 Ba3 39. Ne4 Kd7 40.
Ke2 f5 41. Nd2 Bxd6 42. Kd3 Be5 43. Nc4 Bf6 44. g4 b5 45. Nd2 Ke6 46. gxh5 gxh5
47. Nf1 Ke5 48. Ng3 h4 49. Ne2 Kd5 50. Nf4+ Kc5 51. Kc2 Kc4 52. Nd3 a5 53. Nb2+
Kb4 54. Nd3+ Ka3 55. Kb1 b4 56. Nc5 a4 57. Nd7 Bg7 58. Nc5 Bf8 59. Ne6 d3 60.
Nd4 b3 61. f4 d2 {time: 2.19 - 2.22} 0-1

[Event "2 tur"]
[Site "?"]
[Date "2002.??.??"]
[Round "?"]
[White "Mingachev"]
[Black "Panush"]
[Result "1/2-1/2"]
[WhiteElo "2135"]
[BlackElo "2260"]
[PlyCount "84"]
[EventDate "2002.??.??"]

1. e4 c5 2. Nf3 d6 3. d4 cxd4 4. Qxd4 a6 5. Be3 Nf6 6. Nc3 Nbd7 7. Bc4 e6 8. a4
Be7 9. O-O Qc7 10. Ba2 O-O 11. h3 b6 12. Nd2 Bb7 13. Rad1 Rac8 14. Nc4 d5 15.
exd5 Nxd5 16. Nxd5 Bxd5 17. Bf4 Qc5 18. Ne3 Qxd4 19. Rxd4 Bxa2 20. Rxd7 Bc5 21.
b3 Rfe8 22. Rd2 Bb4 23. Re2 Bc3 24. Ng4 f6 25. Bd2 Bd4 26. Be3 Bc3 27. Bxb6 a5
28. Ne3 Rc6 29. Nd1 Bb4 30. Bd4 Rd8 31. c3 Bxb3 32. cxb4 Rxd4 33. b5 Bxd1 34.
Ree1 Rb6 35. Rxd1 Rxa4 36. Rd7 Rxb5 37. Ra7 Re4 38. Rd1 Rd5 39. Rb1 h5 40. Rbb7
Rg5 41. Re7 Re1+ 42. Kh2 h4 {time: 2.01 - 2.00} 1/2-1/2

[Event "2 tur"]
[Site "?"]
[Date "2002.??.??"]
[Round "?"]
[White "Kichubaev"]
[Black "Mikhajlovskij"]
[Result "0-1"]
[WhiteElo "2350"]
[BlackElo "2390"]
[PlyCount "80"]
[EventDate "2002.??.??"]

1. d4 g6 2. c4 Bg7 3. Nc3 d6 4. Nf3 Nd7 5. e4 e5 6. Be2 Ne7 7. O-O O-O 8. Be3
b6 9. Rc1 c5 10. dxc5 dxc5 11. Qd6 Bb7 12. Rfd1 Bc6 13. a3 Qe8 14. b4 cxb4 15.
axb4 Nf6 16. Nxe5 Bxe4 17. Ng4 Nxg4 18. Bxg4 Bf5 19. Bf3 Rc8 20. c5 Be6 21. g4
Nc6 22. cxb6 Ne5 23. Be2 Bxg4 24. Bb5 Qe6 25. Qxe6 fxe6 26. b7 Rb8 27. Ba6 Bf3
28. Bxa7 Rxb7 29. Bxb7 Bxb7 30. Kf1 Nf3 31. h3 Ng5 32. Rd7 Bf3 33. Bb6 Nxh3 34.
Rd8 Nf4 35. Rxf8+ Kxf8 36. Bc5+ Ke8 37. Na4 h5 38. Be3 Nd3 39. Rb1 h4 40. Kg1
Be5 {time: 2.08 - 2.00} 0-1

[Event "3 tur"]
[Site "?"]
[Date "2002.??.??"]
[Round "?"]
[White "Mozalev"]
[Black "Ashiev"]
[Result "0-1"]
[WhiteElo "2410"]
[BlackElo "2310"]
[PlyCount "90"]
[EventDate "2002.??.??"]

1. e4 e5 2. Nf3 Nc6 3. d4 exd4 4. Nxd4 Bb4+ 5. c3 Bc5 6. Be3 Bb6 7. Bc4 Ne5 8.
Be2 Ng6 9. Nf5 Bxe3 10. Nxe3 Nf6 11. Qd4 d6 12. O-O O-O 13. Nd2 c5 14. Qa4 d5
15. exd5 Nxd5 16. Nxd5 Qxd5 17. Rad1 Bd7 18. Qb3 Bc6 19. Bf3 Qxb3 20. axb3 Bxf3
21. Nxf3 Rfd8 22. Rfe1 Kf8 23. Kf1 b6 24. g3 h6 25. h4 f6 26. h5 Ne7 27. Ke2
Kf7 28. Nh4 f5 29. f4 Kf6 30. Nf3 Nc6 31. Rxd8 Rxd8 32. Rd1 Rxd1 33. Kxd1 Ke6
34. Nh4 Ne7 35. Kd2 b5 36. Kd3 Ng8 37. Ng6 Nf6 38. b4 cxb4 39. cxb4 Nxh5 40.
Kd4 Kd6 41. b3 Nxg3 42. Ke3 Nh5 43. Nh4 Nxf4 44. Nxf5+ Ke5 45. Nxg7 Nd5+ {
time: 2.29 - 2.07} 0-1

[Event "3 tur"]
[Site "?"]
[Date "2002.??.??"]
[Round "?"]
[White "Kamiljanov"]
[Black "Akhmadeev"]
[Result "1/2-1/2"]
[WhiteElo "2305"]
[BlackElo "2430"]
[PlyCount "81"]
[EventDate "2002.??.??"]

1. d4 Nf6 2. c4 d6 3. Nc3 g6 4. e4 Bg7 5. Nf3 O-O 6. Be2 e5 7. O-O Na6 8. Re1
exd4 9. Nxd4 Nc5 10. f3 a5 11. Be3 Nh5 12. Qd2 f5 13. exf5 gxf5 14. Bf1 f4 15.
Bf2 Be5 16. Ne4 Nxe4 17. Rxe4 Qf6 18. Rae1 c5 19. Nb5 Bf5 20. Qd5+ Kh8 21. Rxe5
dxe5 22. Bxc5 Rfd8 23. Bd6 Ng7 24. c5 Rd7 25. Rxe5 Be6 26. Qe4 Bxa2 27. Bd3 Bg8
28. Nc7 Rad8 29. Nd5 Qh6 30. Nxf4 b6 31. g3 bxc5 32. Bxc5 Qf6 33. Kg2 Rxd3 34.
Nxd3 Rxd3 35. Qxd3 Qxe5 36. Bd4 Qe7 37. h4 Be6 38. Qc3 a4 39. g4 Kg8 40. h5 Ne8
41. Qe3 {time: 1.59 - 2.01} 1/2-1/2

[Event "3 tur"]
[Site "?"]
[Date "2002.??.??"]
[Round "?"]
[White "Mikheev"]
[Black "Mingachev"]
[Result "1-0"]
[WhiteElo "2345"]
[BlackElo "2135"]
[PlyCount "47"]
[EventDate "2002.??.??"]

1. e4 e5 2. Nf3 Nf6 3. Nxe5 d6 4. Nf3 Nxe4 5. Nc3 Nxc3 6. bxc3 Be7 7. d4 Nd7 8.
Bd3 Nf6 9. h3 O-O 10. O-O h6 11. c4 Re8 12. Rb1 c5 13. d5 Qc7 14. Re1 Bd7 15.
Bb2 a6 16. Qd2 Bd8 17. Rxe8+ Nxe8 18. Re1 Bf6 19. Rxe8+ Rxe8 20. Bxf6 gxf6 21.
Qxh6 f5 22. Ng5 Bc8 23. Nh7 Re1+ 24. Kh2 {time: 1.10 - 1.15} 1-0

[Event "3 tur"]
[Site "?"]
[Date "2002.??.??"]
[Round "?"]
[White "Mikhajlovskij"]
[Black "Andreikin"]
[Result "1-0"]
[WhiteElo "2390"]
[BlackElo "2385"]
[PlyCount "113"]
[EventDate "2002.??.??"]

1. d4 Nf6 2. Nc3 c5 3. d5 e5 4. e4 d6 5. Bb5+ Bd7 6. a4 Na6 7. Nf3 Nc7 8. Bxd7+
Qxd7 9. Nd2 g6 10. Nc4 Nh5 11. h3 Bg7 12. Qg4 Qe7 13. Bg5 Nf6 14. Qe2 O-O 15.
O-O h6 16. Bh4 Qd7 17. Ra3 Nfe8 18. Qg4 Qxg4 19. hxg4 g5 20. Bg3 Bf6 21. f3 Be7
22. Kf2 b6 23. Rh1 Kh7 24. Ke2 Nf6 25. Nb5 Nxb5 26. axb5 Rfb8 27. Rha1 Rb7 28.
Ra6 Nd7 29. Bf2 f6 30. c3 Kg6 31. Kd3 Kf7 32. Be3 Bf8 33. g3 Ke7 34. b4 Kd8 35.
bxc5 dxc5 36. f4 Kc7 37. R6a2 Bg7 38. Rf1 Rf8 39. Raf2 Re8 40. fxe5 Nxe5+ 41.
Nxe5 Rxe5 42. c4 Re8 43. Bc1 a6 44. bxa6 Ra7 45. Ra2 Rea8 46. Bb2 Rxa6 47. Rxa6
Rxa6 48. e5 b5 49. cxb5 Ra4 50. exf6 Bf8 51. Be5+ Kb6 52. d6 Ra7 53. Kc4 Rf7
54. Kd5 Kxb5 55. Rb1+ Ka4 56. Ke6 Ra7 57. Ra1+ {time: 2.10 - 1.40} 1-0

[Event "3 tur"]
[Site "?"]
[Date "2002.??.??"]
[Round "?"]
[White "Panush"]
[Black "Zhidkov"]
[Result "0-1"]
[WhiteElo "2260"]
[BlackElo "2395"]
[PlyCount "40"]
[EventDate "2002.??.??"]

1. d4 Nf6 2. Nf3 e6 3. Bf4 b6 4. e3 Bb7 5. Bd3 Be7 6. O-O Nh5 7. Bg3 Nxg3 8.
hxg3 O-O 9. c4 c5 10. Nc3 f5 11. Qc2 Bf6 12. a3 Bxf3 13. gxf3 cxd4 14. exd4
Bxd4 15. Nb5 Bf6 16. Rad1 Nc6 17. Kg2 a6 18. Nc3 Qc7 19. Qd2 Ne5 20. b3 d5 {
time: 0.45 - 0.45} 0-1

[Event "4 tur"]
[Site "?"]
[Date "2002.??.??"]
[Round "?"]
[White "Mingachev"]
[Black "Mozalev"]
[Result "0-1"]
[WhiteElo "2135"]
[BlackElo "2410"]
[PlyCount "118"]
[EventDate "2002.??.??"]

1. e4 e5 2. Nf3 Nc6 3. Bb5 a6 4. Ba4 Nf6 5. Bxc6 dxc6 6. d3 Bd6 7. Nc3 Bg4 8.
Be3 Qe7 9. h3 Bh5 10. g4 Bg6 11. Qe2 Bb4 12. Bd2 Nd7 13. O-O-O O-O-O 14. Kb1 f6
15. Na4 Bf7 16. b3 b5 17. Nb2 Nb6 18. g5 Bxd2 19. Qxd2 Bh5 20. Qe3 fxg5 21.
Rdg1 h6 22. h4 Rdf8 23. Rg3 Bxf3 24. Rxf3 gxh4 25. Rxf8+ Rxf8 26. d4 g5 27. Nd3
exd4 28. Qxd4 Qf6 29. Qc5 Qd6 30. Qe3 Rd8 31. f4 Qd4 32. Qf3 Kb8 33. f5 Nd7 34.
Re1 Ne5 35. Nxe5 Qxe5 36. f6 Rf8 37. f7 Qe6 38. Rf1 h3 39. e5 g4 40. Qe3 Rxf7
41. Rxf7 Qxf7 42. e6 Qf1+ 43. Kb2 Qf6+ 44. c3 h2 45. e7 Qxe7 46. Qxe7 h1=Q 47.
Qe6 Qh2+ 48. Kb1 Qh1+ 49. Kb2 h5 50. a4 Qg2+ 51. Ka3 Qd5 52. Qe8+ Kb7 53. axb5
axb5 54. Qe1 g3 55. c4 Qd6+ 56. Ka2 g2 57. cxb5 cxb5 58. Qe4+ Qc6 59. Qe3 h4 {
time: 2.15 - 2.20} 0-1

[Event "4 tur"]
[Site "?"]
[Date "2002.??.??"]
[Round "?"]
[White "Kichubaev"]
[Black "Panush"]
[Result "1-0"]
[WhiteElo "2350"]
[BlackElo "2260"]
[PlyCount "93"]
[EventDate "2002.??.??"]

1. d4 Nf6 2. c4 g6 3. Nc3 Bg7 4. e4 d6 5. Nf3 O-O 6. Be2 e5 7. dxe5 dxe5 8.
Qxd8 Rxd8 9. Bg5 c6 10. Nxe5 Re8 11. O-O-O Nxe4 12. Nxe4 Bxe5 13. Rhe1 Bf5 14.
Nf6+ Bxf6 15. Bxf6 Nd7 16. Bd4 c5 17. Bc3 Nb6 18. Bf3 Nxc4 19. Bxb7 Rad8 20.
Rxe8+ Rxe8 21. Bc6 Rc8 22. Bd7 Bxd7 23. Rxd7 Ra8 24. Rc7 Nd6 25. f3 Nb5 26.
Rxc5 Nxc3 27. Rxc3 Kg7 28. b4 Rb8 29. a3 Rb7 30. Kb2 Kf6 31. Kb3 Ke6 32. a4 Kd6
33. b5 Re7 34. Rc2 h5 35. Kb4 Rb7 36. Rc6+ Kd5 37. Ka5 Re7 38. Rc2 g5 39. Ka6
f5 40. a5 g4 41. fxg4 hxg4 42. g3 Kd6 43. b6 axb6 44. axb6 Re1 45. Ka7 Ra1+ 46.
Kb8 Kd7 47. b7 {time: 1.54 - 2.07} 1-0

[Event "4 tur"]
[Site "?"]
[Date "2002.??.??"]
[Round "?"]
[White "Zhidkov"]
[Black "Mikheev"]
[Result "1/2-1/2"]
[WhiteElo "2395"]
[BlackElo "2345"]
[PlyCount "73"]
[EventDate "2002.??.??"]

1. Nf3 Nf6 2. c4 g6 3. g3 Bg7 4. Bg2 O-O 5. O-O c6 6. d4 d5 7. Nbd2 Bf5 8. b3
Ne4 9. Bb2 Qa5 10. a3 Nd7 11. Rc1 Rfd8 12. Re1 Ndf6 13. b4 Qc7 14. cxd5 Nxd5
15. Nh4 Nxd2 16. Nxf5 gxf5 17. Qxd2 Qd6 18. Qc2 f4 19. Qb3 a6 20. Rc5 e6 21.
Rd1 Kh8 22. Bc1 Bh6 23. Qf3 Rg8 24. Qh5 Rg6 25. Qe5+ Qxe5 26. dxe5 fxg3 27.
hxg3 Bxc1 28. Rcxc1 Rg5 29. Rc5 Rag8 30. Rd4 Rg4 31. Rcc4 Rxd4 32. Rxd4 Rg5 33.
e4 Nb6 34. Rd8+ Rg8 35. Rd4 Rg5 36. Rd8+ Rg8 37. Rd4 {time: 1.30 - 1.50}
1/2-1/2

[Event "4 tur"]
[Site "?"]
[Date "2002.??.??"]
[Round "?"]
[White "Ashiev"]
[Black "Kamiljanov"]
[Result "1-0"]
[WhiteElo "2310"]
[BlackElo "2305"]
[PlyCount "55"]
[EventDate "2002.??.??"]

1. d4 Nf6 2. Nf3 g6 3. c4 Bg7 4. Nc3 O-O 5. e4 d6 6. h3 e5 7. d5 c6 8. Be3 cxd5
9. cxd5 Nbd7 10. Nd2 a5 11. a3 Nc5 12. b4 axb4 13. axb4 Rxa1 14. Qxa1 Na6 15.
Qa3 Ne8 16. Nb3 f5 17. b5 Nb8 18. Qa7 Nd7 19. Na5 Qc7 20. Bc4 Bf6 21. b6 Qd8
22. Nc6 bxc6 23. dxc6+ Kh8 24. cxd7 Bxd7 25. b7 Ng7 26. Bb6 Qb8 27. Bd5 Be6 28.
Bc6 {time: 1.27 - 1.29} 1-0

[Event "4 tur"]
[Site "?"]
[Date "2002.??.??"]
[Round "?"]
[White "Andreikin"]
[Black "Akhmadeev"]
[Result "1/2-1/2"]
[WhiteElo "2385"]
[BlackElo "2430"]
[PlyCount "81"]
[EventDate "2002.??.??"]

1. e4 c5 2. Nf3 d6 3. d4 cxd4 4. Nxd4 Nf6 5. Nc3 Nc6 6. Bc4 Qb6 7. Ndb5 a6 8.
Be3 Qd8 9. Nd4 e6 10. a4 Be7 11. O-O O-O 12. Ba2 Nxd4 13. Qxd4 Qc7 14. h3 Bd7
15. f4 Bc6 16. f5 e5 17. Qd3 b5 18. Bg5 bxa4 19. Bxf6 Bxf6 20. Bd5 Rab8 21.
Bxc6 Qxc6 22. Nd5 Rfc8 23. Qa3 Qxc2 24. Rf3 Qxb2 25. Nxf6+ gxf6 26. Rg3+ Kh8
27. Qxd6 Qb6+ 28. Qxb6 Rxb6 29. Rxa4 Rg8 30. Rga3 Rb1+ 31. Kh2 Rb2 32. Rg3 Rxg3
33. Kxg3 Rb6 34. Kg4 Kg7 35. Kh5 Rd6 36. g4 h6 37. h4 Rc6 38. Ra5 Rb6 39. Ra4
Rc6 40. Ra5 Rd6 41. Ra1 {time: 1.45 - 1.10} 1/2-1/2

[Event "5 tur"]
[Site "?"]
[Date "2002.??.??"]
[Round "?"]
[White "Akhmadeev"]
[Black "Ashiev"]
[Result "1-0"]
[WhiteElo "2430"]
[BlackElo "2310"]
[PlyCount "114"]
[EventDate "2002.??.??"]

1. e4 e5 2. Nf3 Nc6 3. Bb5 f5 4. Nc3 fxe4 5. Nxe4 d5 6. Ng3 Bg4 7. h3 Bxf3 8.
Qxf3 Nf6 9. O-O Bd6 10. Nh5 O-O 11. Nxf6+ Qxf6 12. Qxd5+ Kh8 13. Bxc6 bxc6 14.
Qe4 Bc5 15. d3 Bxf2+ 16. Kh1 Qd6 17. Be3 Bxe3 18. Rxf8+ Rxf8 19. Qxe3 c5 20.
Re1 h6 21. Kg1 Re8 22. c3 Qd5 23. b3 c6 24. Qe4 Kg8 25. d4 cxd4 26. cxd4 Rd8
27. dxe5 Qxe4 28. Rxe4 Rd5 29. Rc4 c5 30. Ra4 Rxe5 31. Rxa7 Re2 32. Ra5 Rc2 33.
Ra4 Kf7 34. Rc4 Rxa2 35. Rxc5 Rb2 36. Rb5 h5 37. h4 Kf6 38. Kh2 g6 39. Kg3 Rd2
40. Rb4 Rd3+ 41. Kf4 Rd2 42. g3 Rf2+ 43. Ke3 Rg2 44. Kf3 Rb2 45. Rb6+ Kg7 46.
Rb5 Rc2 47. Re5 Kf6 48. Re2 Rc3+ 49. Re3 Rc1 50. Ke4 g5 51. Rf3+ Kg6 52. Kd4
Rb1 53. Kc4 Rc1+ 54. Rc3 Rf1 55. hxg5 Kxg5 56. b4 Kg4 57. b5 Rf6 {
time: 1.55 - 2.20} 1-0

[Event "5 tur"]
[Site "?"]
[Date "2002.??.??"]
[Round "?"]
[White "Kamilianov"]
[Black "Mingachev"]
[Result "1-0"]
[WhiteElo "2305"]
[BlackElo "2135"]
[PlyCount "71"]
[EventDate "2002.??.??"]

1. d4 Nf6 2. c4 e6 3. Nf3 Bb4+ 4. Bd2 Bxd2+ 5. Qxd2 Ne4 6. Qc2 f5 7. Nc3 Nxc3
8. Qxc3 d6 9. g3 Nd7 10. Bg2 Nf6 11. Nd2 O-O 12. O-O Qe7 13. e4 fxe4 14. Nxe4
Rb8 15. Rae1 b5 16. b3 bxc4 17. bxc4 Nxe4 18. Bxe4 Qf6 19. Rd1 Ba6 20. Qc2 g6
21. Rfe1 c5 22. Bg2 Kh8 23. Re4 e5 24. dxe5 dxe5 25. Re2 Rb4 26. Bd5 Qf5 27.
Qc3 Re8 28. Rde1 Rf8 29. f4 Bc8 30. Rxe5 Qf6 31. Qd2 Bd7 32. Qf2 Qb6 33. Re7
Bh3 34. Qe3 Rb2 35. Qe5+ Qf6 36. Re8 {time: 1.57 - 1.59} 1-0

[Event "5 tur"]
[Site "?"]
[Date "2002.??.??"]
[Round "?"]
[White "Panush"]
[Black "Mikhailovsky"]
[Result "0-1"]
[WhiteElo "2260"]
[BlackElo "2390"]
[PlyCount "94"]
[EventDate "2002.??.??"]

1. d4 g6 2. g3 Bg7 3. Bg2 Nf6 4. e4 d6 5. Ne2 h5 6. h3 Nc6 7. Nbc3 Bd7 8. Be3
a6 9. Qd2 b5 10. O-O Qc8 11. Kh2 e5 12. Rad1 exd4 13. Bxd4 Nxd4 14. Nxd4 O-O
15. Rfe1 Re8 16. a3 Rb8 17. Qd3 b4 18. axb4 Rxb4 19. Nb3 Be6 20. Nd5 Nxd5 21.
exd5 Bf5 22. Qd2 Rb8 23. Rxe8+ Qxe8 24. Nd4 Bxd4 25. Qxd4 Bxc2 26. Rc1 Qe2 27.
Bf1 Qe4 28. Qc3 Bb3 29. Bg2 Qf5 30. Qxc7 Re8 31. Qxd6 Qxf2 32. Rf1 Qxb2 33. Qd7
Rf8 34. Kh1 a5 35. Qe7 a4 36. d6 Qd2 37. d7 Be6 38. Bc6 a3 39. Qxa3 Bxh3 40.
Qc1 Qxc1 41. Rxc1 Rd8 42. Kh2 Be6 43. Kg1 Kf8 44. Rd1 Ke7 45. Re1 Kd6 46. Ba4
Bxd7 47. Rd1+ Ke7 {time: 2.05 - 2.00} 0-1

[Event "6 tur"]
[Site "?"]
[Date "2002.??.??"]
[Round "?"]
[White "Mingachev"]
[Black "Akhmadeev"]
[Result "1/2-1/2"]
[WhiteElo "2135"]
[BlackElo "2430"]
[PlyCount "119"]
[EventDate "2002.??.??"]

1. e4 c5 2. Nf3 d6 3. d4 cxd4 4. Qxd4 Nc6 5. Bb5 Bd7 6. Bxc6 Bxc6 7. Nc3 e5 8.
Qd3 h6 9. Nd5 Nf6 10. Nxf6+ Qxf6 11. O-O Be7 12. Be3 Qg6 13. Nd2 d5 14. f3 O-O
15. c4 dxe4 16. Nxe4 Rad8 17. Qc2 b6 18. Rad1 Rxd1 19. Rxd1 f5 20. Ng3 h5 21.
Kh1 h4 22. Ne2 h3 23. Nc3 hxg2+ 24. Qxg2 Qxg2+ 25. Kxg2 Kf7 26. Nd5 Bxd5 27.
Rxd5 Ke6 28. Rd1 Rc8 29. b3 g5 30. h3 Rg8 31. Rd3 Bd6 32. Rd5 Be7 33. Rd2 Rc8
34. Rd1 Rc6 35. Kf1 Rc7 36. Kg2 Rc8 37. Rd2 Rg8 38. Rd1 g4 39. hxg4 fxg4 40.
fxg4 Rxg4+ 41. Kf3 Rh4 42. Rg1 Rh7 43. Ke4 Bf6 44. Rg4 Rh2 45. a3 Rh1 46. c5
bxc5 47. Bxc5 Rb1 48. b4 Re1+ 49. Be3 Ra1 50. Bg5 Re1+ 51. Be3 Re2 52. Rg8 Kf7
53. Rg4 Rh2 54. Bc1 Rc2 55. Bg5 Rc4+ 56. Kf5 Rxg4 57. Kxg4 Bxg5 58. Kxg5 Ke6
59. a4 Kd5 60. b5 {time: 2.25 - 2.19} 1/2-1/2

[Event "6 tur"]
[Site "?"]
[Date "2002.??.??"]
[Round "?"]
[White "Kichubaev"]
[Black "Mozalev"]
[Result "1-0"]
[WhiteElo "2350"]
[BlackElo "2410"]
[PlyCount "192"]
[EventDate "2002.??.??"]

1. d4 d5 2. c4 c6 3. Nc3 Nf6 4. e3 a6 5. Qc2 b5 6. b3 Bg4 7. Nge2 e6 8. Ng3 Bd6
9. h3 Bh5 10. Nxh5 Nxh5 11. Bd3 Nf6 12. O-O O-O 13. Bb2 Nbd7 14. Rad1 Rc8 15.
c5 Bb8 16. f4 g6 17. g4 Ne8 18. Kg2 f5 19. g5 Ng7 20. h4 Kf7 21. Ne2 Qe7 22. a4
Bc7 23. Ra1 Ra8 24. Bc3 Rfb8 25. Qd2 Qd8 26. b4 Nh5 27. Ng1 Nf8 28. Be2 Ng7 29.
Nf3 Nd7 30. Ra2 Nf8 31. Rfa1 Ke7 32. Ne1 Kf7 33. Nf3 Ke7 34. Ra3 Qe8 35. Nh2
Kf7 36. Nf1 Kg8 37. Ng3 Kf7 38. Bd3 Kg8 39. Ne2 Kf7 40. Nc1 Nh5 41. Be2 Ng7 42.
Nd3 Rc8 43. Bf3 Kg8 44. Qe2 Nd7 45. R3a2 Nf8 46. Qd2 Nd7 47. Nf2 Nf8 48. Nh1
Nd7 49. Ng3 Nf8 50. Kf2 Nd7 51. Rh1 Nf8 52. Be2 Rcb8 53. Bf3 Bd8 54. Ne2 Bc7
55. Rha1 Rc8 56. Qd1 Nd7 57. Ra3 Nf8 58. Qc2 Nd7 59. Qb2 Nf8 60. Nc1 Nd7 61.
Nd3 Nf8 62. R1a2 Nd7 63. Be2 Nf8 64. Qa1 Rab8 65. Bd2 Nd7 66. axb5 axb5 67. Ra7
Nf8 68. R2a6 Kh8 69. Bc3 Kg8 70. Nc1 Kh8 71. Nb3 Kg8 72. Bd2 Kh8 73. Bf3 Kg8
74. Bc3 Kh8 75. Nd2 Kg8 76. Nf1 Kh8 77. Ng3 Kg8 78. Ra2 Kh8 79. Qd1 Kg8 80. Ke1
Ra8 81. Qa1 Rab8 82. Kd2 Kh8 83. Kc2 Kg8 84. Kb2 Kh8 85. Qd1 Kg8 86. Kb1 Ra8
87. Qc2 Qd8 88. R2a6 Rxa7 89. Rxa7 Ra8 90. Qa2 Rxa7 91. Qxa7 Qb8 92. Qxb8 Bxb8
93. Bd2 Nd7 94. Ne2 Bc7 95. Nc3 Kf7 96. Be2 Ke7 {time: 2.28 - 2.30} 1-0

[Event "6 tur"]
[Site "?"]
[Date "2002.??.??"]
[Round "?"]
[White "Andreikin"]
[Black "Ashiev"]
[Result "0-1"]
[WhiteElo "2385"]
[BlackElo "2310"]
[PlyCount "98"]
[EventDate "2002.??.??"]

1. e4 e5 2. Nf3 Nc6 3. Bb5 Nge7 4. O-O g6 5. c3 Bg7 6. d4 exd4 7. cxd4 O-O 8.
d5 Ne5 9. Nxe5 Bxe5 10. Nc3 d6 11. Bg5 Bg7 12. Qd2 Kh8 13. Rfe1 f6 14. Be3 Ng8
15. Rac1 f5 16. Bd4 f4 17. Ne2 Be5 18. Qc3 Qg5 19. h4 Qf6 20. Bxe5 dxe5 21.
Qxc7 f3 22. gxf3 Bg4 23. Ng3 Bxf3 24. Qd7 Nh6 25. Qe6 Qxh4 26. Qxe5+ Rf6 27.
Bd7 Bg4 28. Ba4 Bf3 29. Bd7 Bg4 30. Rc8+ Rxc8 31. Bxc8 Bxc8 32. Qe8+ Kg7 33.
Qe7+ Nf7 34. e5 Rf4 35. Qc7 Rc4 36. Qa5 Ng5 37. Qa3 Rf4 38. Re3 Nh3+ 39. Kf1
Rxf2+ 40. Ke1 Qd4 41. Ne4 Rf7 42. Qc5 Qxc5 43. Nxc5 Nf4 44. d6 Ng2+ 45. Kd2
Nxe3 46. Kxe3 b6 47. e6 bxc5 48. e7 Rxe7+ 49. dxe7 Kf7 {time: 1.50 - 2.20} 0-1

[Event "6 tur"]
[Site "?"]
[Date "2002.??.??"]
[Round "?"]
[White "Zhidkiv"]
[Black "Kamilianov"]
[Result "1/2-1/2"]
[WhiteElo "2395"]
[BlackElo "2305"]
[PlyCount "38"]
[EventDate "2002.??.??"]

1. Nf3 Nf6 2. c4 g6 3. g3 Bg7 4. Bg2 d6 5. O-O O-O 6. d4 Nbd7 7. Qc2 e5 8. Rd1
exd4 9. Nxd4 Nc5 10. Nc3 Re8 11. h3 a5 12. b3 c6 13. Rb1 Nfd7 14. e4 Qe7 15.
Be3 Nf6 16. Re1 Bd7 17. Bf4 Nh5 18. Be3 Nf6 19. Bf4 Nh5 {time: 0.30 - 0.30}
1/2-1/2

[Event "6 tur"]
[Site "?"]
[Date "2002.??.??"]
[Round "?"]
[White "Mikhailovsky"]
[Black "Mikheev"]
[Result "1-0"]
[WhiteElo "2390"]
[BlackElo "2345"]
[PlyCount "85"]
[EventDate "2002.??.??"]

1. d4 Nf6 2. Nc3 d5 3. Bg5 Bf5 4. Bxf6 exf6 5. e3 c6 6. Bd3 Be6 7. Nge2 Bd6 8.
O-O Qc7 9. h3 f5 10. Nb1 Nd7 11. Nd2 Nf6 12. c4 O-O 13. Qc2 g6 14. Rfc1 Rfe8
15. Rab1 Rac8 16. b4 Ne4 17. c5 Bf8 18. b5 Bh6 19. Rb2 Bd7 20. bxc6 Bxc6 21.
Nxe4 fxe4 22. Bb5 Qa5 23. Bxc6 bxc6 24. Rcb1 Re7 25. Rb4 Kg7 26. Qa4 Qxa4 27.
Rxa4 Rcc7 28. Rab4 Kf6 29. a4 Ke6 30. a5 Kd7 31. a6 Re8 32. Nc1 f5 33. Kf1 f4
34. Ke2 Rf8 35. Rb7 Rfc8 36. Rxc7+ Rxc7 37. Nb3 fxe3 38. fxe3 Bg5 39. Na5 Bd8
40. Rb8 Ke8 41. Nb7 Rd7 42. Ra8 Ke7 43. Rxa7 {time: 2.00 - 1.55} 1-0